Представление документа в формате RUSMARC

ПолеНазваниеЗначение
  Тип записи a
  Библиографический уровень a
001 Контрольный номер RU/CBS_UL/BASE/591121463
005 Дата корректировки 20240209175229.9
100 Данные общей обработки __
a Данные общей обработки 20180924d2018 ||| 0rusy0189 ca
101 Язык документа 0_
a Язык текста rus
102 Страна публикации __
a Страна публикации RU
105 Кодированные данные (монография) __
a Кодированные данные (монография) y###||||000|y
200 Заглавие и сведения об ответственности 1_
a Заглавие Без границ
b Общее обозначение материала Текст
e Сведения, относящиеся к заглавию [в школе №91 (г. Москва) дети учатся по системе Эльконина-Давыдова, основанной на самостоятельности и инициативности]
f Первые сведения об ответственности А. Микоян
300 Общие примечания __
a Общие примечания Ограничения по возрасту - 6+
461 Уровень набора _0
1 2000
a Здоровье школьника
463 Уровень физической единицы _0
1 001RU/CBS_UL/BASE/591120363
1 2000
a № 6
v С. 20-23
1 210
d 2018
606 Тематические рубрики 0_
a Основная рубрика Общеобразовательная школа - Система Эльконина-Давыдова
610 Ключевые слова 0_
a Ключевые слова школы
a Ключевые слова учебные заведения
a Ключевые слова система Эльконина-Давыдова
a Ключевые слова самостоятельность
686 Индексы других классификаций __
a Классификационный индекс 74.204
2 Код системы ББК
700 Автор _1
a Фамилия Микоян
b Имя (инициалы) А.
801 Источник записи _0
a Страна RU
b Организация МБУК ЦБС г. Ульяновска
c Дата составления 20180924
g Правила каталогизации RCR
801 Источник записи _1
a Страна RU
b Организация МБУК ЦБС г. Ульяновска
c Дата составления 20180924
g Правила каталогизации RCR
901 Тип документа __
t Тип документа b
w Контрольный № источника RU/CBS_UL/BASE/591120363
910 Корректоры записи __
a Корректор записи Библиотека 18
938 Служебная информация __
a Имя БД period